000 01305nam a2200313Ia 4500
005 20240530110959.0
008 140319s2022 ua g b 000 0 ara d
017 _a2021/29915
_bمصر. دار الكتب
020 _a9789778603194
040 _aGCL /
_cGCL
082 0 4 _221
_a372.218
_bوع
100 0 _aوحيد حامد عبدالرشيد
245 1 0 _aعلم الجمال فى رياض الاطفال /
_cاعداد وحيد حامد عبدالرشيد، ماجد فتحى سليم، اسمهان فتحى سعد
250 _aالاولى
260 _aالقاهرة :
_bالمركز الاكاديمى العربى،
_c2022
300 _a195 ص ؛
_c24 سم
504 _aيشتمل على ارجاعات ببليوجرافية
650 0 7 _2qrmak
_aرياض الاطفال
650 0 7 _2qrmak
_aمدارس الحضانة
650 0 7 _2qrmak
_aالتعليم الابتدائى
650 0 7 _2qrmak
_aالاطفال
_xعلم نفس
650 0 7 _2qrmak
_aتعليم الاطفال
_xاغراضه واهدافه
650 0 7 _2qrmak
_aعلم النفس الجمالى
650 0 7 _2qrmak
_aالجمال
_xعلم
700 0 _aماجد فتحى سليم
_eمعد
700 0 _aاسمهان فتحى سعد
_eمعد
942 _2ddc
_cBK
999 _c67140
_d67140